Detalles MARC
| 001 - NÚMERO DE CONTROL |
| campo de control |
1319403 |
| 005 - FECHA Y HORA DE LA ÚLTIMA TRANSACCIÓN |
| campo de control |
20260508075555.0 |
| 008 - DATOS DE LONGITUD FIJA--INFORMACIÓN GENERAL |
| campo de control de longitud fija |
130312e20090312 eng |
| 020 ## - NÚMERO INTERNACIONAL ESTÁNDAR DEL LIBRO |
| Número Internacional Estándar del Libro |
9788185931944 |
| 035 ## - NÚMERO DE CONTROL DEL SISTEMA |
| Número de control de sistema |
1319403 |
| 040 ## - FUENTE DE LA CATALOGACIÓN |
| Centro/agencia transcriptor |
comduadb |
| 041 ## - CÓDIGO DE LENGUA |
| Código de lengua del texto/banda sonora o título independiente |
eng |
| 082 #4 - NÚMERO DE LA CLASIFICACIÓN DECIMAL DEWEY |
| Número de clasificación |
515 |
| 100 10 - ENTRADA PRINCIPAL--NOMBRE DE PERSONA |
| Nombre de persona |
Tao, Terence |
| Código de función |
aut |
| Término indicativo de función/relación |
Autor/a |
| 9 (RLIN) |
669494 |
| 245 10 - MENCIÓN DE TÍTULO |
| Título |
Analysis I |
| 250 ## - MENCIÓN DE EDICIÓN |
| Mención de edición |
2. ed. |
| 260 ## - PUBLICACIÓN, DISTRIBUCIÓN, ETC. |
| Lugar de publicación, distribución, etc. |
India : |
| Nombre del editor, distribuidor, etc. |
Hindustan Book Agency, |
| Fecha de publicación, distribución, etc. |
2009. |
| 300 ## - DESCRIPCIÓN FÍSICA |
| Extensión |
xvi, 350 p. |
| 490 0# - MENCIÓN DE SERIE |
| Mención de serie |
Text and Readings in Mathematics ; |
| Designación de volumen o secuencia |
37 |
| 500 ## - NOTA GENERAL |
| Nota general |
GENERAL : Incluye apéndices e índice. |
| 520 3# - SUMARIO, ETC. |
| Sumario, etc. |
This is part one of a two-volume introduction to real analysis and is intended for honours undergraduates, who have already been exposed to calculus. The emphasis is on rigour and on fundations. The material starts at the very beginning-the constrruction of number systems and set theory, then goes on to the basics of analysis (limits, series, continuity, differentiation, Riemann integration), through to power series, several variable calculus and Fourier analysis, and finally to the Lebesgue integral. These are almost entirely set in the concrete setting of the real line and Euclidean spaces, although there is some material on abstract metric and topological spaces. There are appendices on mathematical logic and the decimal system, The entire text (omitting some less central topics) can be taught in two quarters of twenty-five to thirty lectures each.<br/>The course material is deeply intertwined with the exercises, as it is intended that the student actively learn the material (and practice thinking and writing rigorously) by proving several of the key results in the theory.<br/>In this second edition, several typos and other errors have been corrected. |
| 650 #7 - PUNTO DE ACCESO ADICIONAL DE MATERIA--TÉRMINO DE MATERIA |
| Término de materia o nombre geográfico como elemento de entrada |
Análisis matemático |
| Fuente del encabezamiento o término |
lemb |
| 9 (RLIN) |
1080 |
| 650 ## - PUNTO DE ACCESO ADICIONAL DE MATERIA--TÉRMINO DE MATERIA |
| Término de materia o nombre geográfico como elemento de entrada |
Números naturales |
| 9 (RLIN) |
29668 |
| 650 ## - PUNTO DE ACCESO ADICIONAL DE MATERIA--TÉRMINO DE MATERIA |
| Término de materia o nombre geográfico como elemento de entrada |
Números enteros |
| 9 (RLIN) |
69805 |
| 650 ## - PUNTO DE ACCESO ADICIONAL DE MATERIA--TÉRMINO DE MATERIA |
| Término de materia o nombre geográfico como elemento de entrada |
Números racionales |
| 9 (RLIN) |
177673 |
| 650 #7 - PUNTO DE ACCESO ADICIONAL DE MATERIA--TÉRMINO DE MATERIA |
| Término de materia o nombre geográfico como elemento de entrada |
Números reales |
| Fuente del encabezamiento o término |
lemb |
| 9 (RLIN) |
15104 |
| 650 #7 - PUNTO DE ACCESO ADICIONAL DE MATERIA--TÉRMINO DE MATERIA |
| Término de materia o nombre geográfico como elemento de entrada |
Series infinitas |
| Fuente del encabezamiento o término |
lemb |
| 9 (RLIN) |
33853 |
| 650 #7 - PUNTO DE ACCESO ADICIONAL DE MATERIA--TÉRMINO DE MATERIA |
| Término de materia o nombre geográfico como elemento de entrada |
Series (Matemáticas) |
| Fuente del encabezamiento o término |
lemb |
| 9 (RLIN) |
42973 |
| 650 ## - PUNTO DE ACCESO ADICIONAL DE MATERIA--TÉRMINO DE MATERIA |
| Término de materia o nombre geográfico como elemento de entrada |
Continuidad |
| 9 (RLIN) |
57687 |
| 650 ## - PUNTO DE ACCESO ADICIONAL DE MATERIA--TÉRMINO DE MATERIA |
| Término de materia o nombre geográfico como elemento de entrada |
Integrales de Riemann - Stieltjes |
| 9 (RLIN) |
88534 |
| 650 ## - PUNTO DE ACCESO ADICIONAL DE MATERIA--TÉRMINO DE MATERIA |
| Término de materia o nombre geográfico como elemento de entrada |
Secuencias (matemáticas) |
| 9 (RLIN) |
29598 |
| 650 #7 - PUNTO DE ACCESO ADICIONAL DE MATERIA--TÉRMINO DE MATERIA |
| Término de materia o nombre geográfico como elemento de entrada |
Lógica simbólica y matemática |
| Fuente del encabezamiento o término |
lemb |
| 9 (RLIN) |
56647 |
| 942 ## - ELEMENTOS DE ENTRADA AGREGADA (KOHA) |
| Tipo de ítem Koha |
Libros |